ポケモンのなまえ(第7世代) - Statistics

General Stats
  • This quiz has been taken 185 times
  • The average score is 51 of 88
Answer Stats
Answer % Correct
モクロー
95%
ニャビー
93%
ニャヒート
93%
ガオガエン
93%
アシマリ
91%
ジュナイパー
90%
アシレーヌ
89%
フクスロー
83%
オシャマリ
83%
ソルガレオ
82%
ルナアーラ
82%
マッシブーン
78%
コスモッグ
77%
アクジキング
77%
ミミッキュ
74%
ネクロズマ
74%
コスモウム
73%
カミツルギ
73%
カプ・コケコ
72%
フェローチェ
71%
ドデカバシ
70%
ウツロイド
70%
ツツケラ
68%
ジャラランガ
68%
テッカグヤ
68%
ヤングース
67%
カプ・テテフ
67%
カプ・ブルル
67%
カプ・レヒレ
67%
デンヂムシ
66%
ツンデツンデ
66%
クワガノン
65%
トゲデマル
63%
ケララッパ
62%
デカグース
62%
イワンコ
62%
ヨワシ
61%
ジャラコ
61%
ルガルガン
60%
デンジュモク
60%
アゴジムシ
59%
バクガメス
59%
ジャランゴ
59%
ズガドーン
57%
アーゴヨン
56%
ゼラオラ
54%
アブリボン
53%
アマカジ
53%
ベベノム
53%
ケケンカニ
52%
バンバドロ
52%
ラランテス
52%
アママイコ
52%
アマージョ
52%
マケンカニ
51%
グソクムシャ
51%
ヌイコグマ
49%
アブリー
48%
ドロバンコ
48%
キテルグマ
48%
オドリドリ
47%
ヒドイデ
47%
エンニュート
47%
メテノ
47%
ドヒドイデ
46%
カリキリ
46%
ヤトウモリ
45%
ダダリン
45%
コソクムシ
44%
シロデスナ
44%
スナバァ
43%
マーシャドー
43%
ナマコブシ
41%
ジジーロン
41%
シルヴァディ
40%
マギアナ
40%
オニシズクモ
39%
キュワワー
39%
シズクモ
38%
ヤレユータン
35%
ナゲツケサル
35%
メルメタル
35%
タイプ:ヌル
34%
ハギギシリ
34%
ネマシュ
33%
メルタン
33%
マシェード
32%
ネッコアラ
32%
No matching quizzes found
Score Distribution
Percent of People with Each Score
Percentile by Number Answered
Your Score History
You have not taken this quiz